|
|
|
|
| LEADER |
00000nam0a2200000 4500 |
| 001 |
133223 |
| 005 |
20231031135243.0 |
| 010 |
|
|
|a 9785699258710
|
| 035 |
|
|
|a (RuTPU)RU\TPU\book\144356
|
| 090 |
|
|
|a 133223
|
| 100 |
|
|
|a 20080314d2008 m y0rusy50 ca
|
| 101 |
0 |
|
|a rus
|
| 102 |
|
|
|a RU
|
| 105 |
|
|
|a y z 000ay
|
| 200 |
1 |
|
|a Гарнитур из электрических стульев
|e [повесть]
|f Н. Н. Александрова
|
| 210 |
|
|
|a Москва
|c Эксмо
|d 2008
|
| 215 |
|
|
|a 320 с.
|
| 225 |
1 |
|
|a Смешные детективы
|
| 330 |
|
|
|a Вот так всегда — стоит оставить мужа без присмотра, и все пойдет наперекосяк! Даша, раньше времени вернувшись в Питер от матери, обнаружила свою квартиру ограбленной. Она вызвала с работы беспечного супруга, который почему-то был очень недоволен тем, что приедет милиция. И вообще вел себя странно и агрессивно. Уже потом Даша догадалась: из квартиры, кроме денег, вещей и ее любимой шкатулки — памяти о детстве и бабушке, — исчезло что-то опасное и важное для ее мужа. Но он почему-то скрыл это от нее... Однако Даша не унывает: она разберется, почему в ее отсутствие благоверный не ночует дома, а по их квартире, как у себя дома, разгуливают воры...
|
| 610 |
1 |
|
|a русская литература
|
| 610 |
1 |
|
|a романы
|
| 610 |
1 |
|
|a детективы
|
| 675 |
|
|
|a Р2
|v 3
|
| 700 |
|
1 |
|a Александрова
|b Н. Н.
|g Наталья Николаевна
|
| 801 |
|
1 |
|a RU
|b 63413507
|c 20080314
|g PSBO
|
| 801 |
|
2 |
|a RU
|b 63413507
|c 20080606
|g PSBO
|
| 942 |
|
|
|c BK
|
| 959 |
|
|
|a 31/20080314
|d 1
|e 46,50
|f ХФ:1
|